Southern Mexico (Registro nro. 1051)

Detalles MARC
000 -CABECERA
Campo de control 00959nam a2200277 a 4500
005 - FECHA Y HORA DE LA ULTIMA TRANSACCION
Campo de control 20160105060931.0
008 - ELEMENTOS DE LONGITUD FIJA—INFORMACION GENERAL
Campo de control 140224b1990 -Usa fr|||| 00| 0 eng d
040 ## - FUENTE DE CATALOGACIÓN
Agencia catalogadora original CO-BoIAVH
Agencia transcriptora CO-BoIAVH
041 ## - IDIOMA
Código de idioma para texto/pista de sonido o título separado Español
Código de idioma de la versión original y/o traducciones intermedias del texto Inglés
044 ## - PAÍS DE PUBLICACIÓN
País de publicación Estados Unidos
082 #4 - NUMERO DE CLASIFICACION DECIMAL DEWEY
Número de clasificación FG-0020
090 ## - CLASIFICACIÓN LOCAL
Colección LB
Consecutivo 01040
110 1# - ASIENTO PRINCIPAL--NOMBRE CORPORATIVO
Unidad subordinad Smithsonian Migratory Bird Center
9 (RLIN) 10531
245 1# - MENCION DE TITULO
Título Southern Mexico
Parte restante del título crossroads of migratory birds
246 ## - FORMA VARIANTE DEL TITULO
Título propiamente dicho/forma breve del título El sur de México
Parte restante del título cruce de caminos para los pájaros migratorios
260 ## - PUBLICACION, DISTRIBUCION, ETC. (PIE DE IMPRENTA)
Lugar de publicación, distribución, etc. Washington
Nombre del editor, distribuidor, etc. Smithsonian Migratory Bird Center
Fecha de publicación, distribución, etc. 1990
300 ## - DESCRIPCION FISICA
Extensión 32 paginas.
Otros detalles físicos Ilustraciones
Dimensiones 21 x 21 cm
650 #4 - ASIENTO SECUNDARIO DE MATERIA - TERMINO TEMATICO
Término temático o nombre geográfico como elemento de entrada Aves migratorias
Subdivisión geográfica sur de México
9 (RLIN) 46156
650 #4 - ASIENTO SECUNDARIO DE MATERIA - TERMINO TEMATICO
Término temático o nombre geográfico como elemento de entrada Biodiversidad
Subdivisión geográfica Sur de México
9 (RLIN) 46157
650 #4 - ASIENTO SECUNDARIO DE MATERIA - TERMINO TEMATICO
Término temático o nombre geográfico como elemento de entrada Migración
Subdivisión geográfica Sur de Mexico
9 (RLIN) 46158
650 ## - ASIENTO SECUNDARIO DE MATERIA - TERMINO TEMATICO
Término temático o nombre geográfico como elemento de entrada Hábitat
Subdivisión geográfica Sur de México
9 (RLIN) 46159
650 ## - ASIENTO SECUNDARIO DE MATERIA - TERMINO TEMATICO
Término temático o nombre geográfico como elemento de entrada Historia natural
Subdivisión geográfica Sur México
9 (RLIN) 46160
662 ## - ASIENTO SECUNDARIO DE MATERIA - JERARQUIA DEL NOMBRE DE LUGAR(
País o entidad mayor México
700 1# - ASIENTO SECUNDARIO - NOMBRE PERSONAL
Nombre personal Castro, Adriana de
Término de relación Traducción
9 (RLIN) 46161
942 ## - ELEMENTOS ADICIONALES (KOHA)
Tipo de ítem Folleto
Sistema de clasificación Local
Existencias
Withdrawn status Lost status Sistema de Clasificación Damaged status No para préstamo Colección Inventariado Ubicación Permanente Ubicación actual Fecha de adquisición Fuente de Valor Total Checkouts Número topográfico Inventario / Código de Barras Date last seen Ejemplar Price effective from Tipo de material
    Local     General Inventariado 2017 Bogotá Bogotá 14/01/1999 Escobar Sarria, Federico   FG-0020 001443 04/12/2012 Ej. 1 04/12/2012 Folleto